=LDR 00000nam 2200000 4500 =001 INLIS000000000005695 =005 20130612093918 =008 ***********************************Ind** =035 ##$$0010-061300000005695 =041 ##$$a Ind =082 ##$$a 792.094 =090 ##$$a 792.094, Sum i =100 ##$$a Sumarjo, Jakob =245 ##$$a Iktisar sejarah teater Barat, Jakob Sumarjo =260 ##$$a 1986 $b Bandung =300 ##$$a viii, 114 hlm, ils, 21 cm =650 ##$$a Teater Barat =850 ##$$a NBPNMAT